000 01631nam a22002657a 4500
005 20150821141021.0
008 150731s1852 gw ||||fr|||| 001 d mul d
040 _cSandra Yazo
_dSandra Yazo
041 0 _agre
_alat
082 0 4 _220
_a887
092 _aE36N068
100 1 _93
_aAristófanes
_d445-386 a. C.
242 0 0 _aComedias de Aristófanes
_cEditadas por Teodoro Bergk
_yspa
245 1 0 _aAristophanis Comoedias
_cEdidit Theodorus Bergk
260 _aLeipzig [Lipsiae] (Alemanía)
_bSumptibus et typis B. G. Teubneri [Edición e imprenta de B. G. Teubner]
_c1852
300 _a2 tomos en el volumen (xxxix, 287 ; xx, 325 páginas)
_c17 x 11 cm
500 _aDetalles físicos: Encuadernación rígida (holandesa con puntas) en cartón duro forrado en tela encolada y texturizada; lomo y esquineras de piel. Lomo con tejuelo, nervaduras sobre costuras y adornos en dorado y repujados. Guardas. Hoja de cortesía. Portada impresa en una sola tinta y un pequeño anagrama con las iniciales del editor. Texto impreso en una columna. Párrafos numerados. Cortes decorados. Papel muy manchado. Incluye portada el segundo tomo.
505 0 _aV.1-2: Introducción general. Prefacio sobre la comedia ; ]Comedias de Aristófanes: Los Acarnienses ; Los Caballeros ; Las Nubes ; Las avispas ; La Paz -- Las aves ; Lisístrata ; Las Tesmoforias ; Las Ranas ; Las Asambleístas ; Pluto
506 _aConsulta en sala
650 7 _911180
_aComedia griega
650 7 _aLiteratura griega
_918662
690 _942864
_aLiteratura griega
700 1 _aBergk, Teodoro
_970493
942 _2LOCAL
_cLIBRO
_e1
_hE36N068
999 _c300671
_d300671